[Event "2e Open de Condom"]
[Site "?"]
[Date "2003.??.??"]
[Round "?"]
[White "Van Hulle, Yves"]
[Black "Cwiek, Loic"]
[Result "1/2-1/2"]
[WhiteElo "1964"]
[BlackElo "2125"]
[EventDate "2003.??.??"]
[PlyCount "39"]

1.d4 d5 2.c4 e6 3.Nf3 Nf6 4.Bg5 Nbd7 5.Nc3 c6 6.e3 Qa5 7.Bxf6 Nxf6 8.Nd2 
dxc4 
    ( 8...Bb4 9.Qc2 O-O )
9.Nxc4 Qc7 10.Bd3 b5 11.Nd2 a6 12.Rc1 Be7 13.O-O Bb7 14.Nce4 O-O 15.Nxf6+ 
Bxf6 16.Ne4 Be7 17.Nc5 Rfd8 18.Nxb7 Qxb7 19.Be4 Rac8 20.Qf3 1/2-1/2

[Event "2e Open de Condom"]
[Site "?"]
[Date "2003.??.??"]
[Round "5"]
[White "Buytaert, Kristof"]
[Black "Stamenoff, Yvan"]
[Result "1/2-1/2"]
[WhiteElo "2159"]
[BlackElo "1930"]
[EventDate "2003.??.??"]
[PlyCount "107"]

1.e4 c5 2.Nf3 Nc6 3.Bb5 g6 4.Bxc6 bxc6 5.O-O Bg7 6.d3 d5 7.Re1 Bg4 8.h3 
Bxf3 9.Qxf3 e6 10.Nc3 d4 11.Ne2 Qa5 12.Kf1 Nf6 13.b3 O-O 14.a4 Nd7 15.Qg3 
e5 16.Qh4 Qd8 17.Qxd8 Raxd8 18.Ng3 f6 19.Ke2 Rf7 20.Nf1 Rb8 21.a5 Rb5 22.
Nd2 Bf8 23.Nc4 Nb8 24.f4 Nd7 25.Rf1 Rb8 26.fxe5 Nxe5 27.Bf4 Re8 28.Bxe5 
fxe5 29.a6 Rxf1 30.Rxf1 Kg7 31.g4 Re6 32.Ra1 Re8 33.Na5 Rc8 34.Ra4 Kf6 35.
Rc4 Ke6 36.b4 cxb4 37.Nxc6 Kd6 38.Nxa7 Rxc4 39.dxc4 Kc7 40.Nb5+ Kb6 41.a7 
Kb7 42.Kd3 Bc5 43.g5 Be7 44.c5 Bxc5 45.Kc4 Be7 46.h4 Bf8 47.Kd5 b3 48.cxb3
d3 49.Nc3 Bb4 50.Nd1 Be1 51.Kxe5 Bxh4 52.Kf4 Kxa7 53.e5 Kb7 54.Ne3 1/2-1/2

[Event "Condom"]
[Site "?"]
[Date "2003.??.??"]
[Round "8"]
[White "Callant, Geert"]
[Black "Babu"]
[Result "1/2-1/2"]
[WhiteElo "2003"]
[BlackElo "1860"]
[EventDate "2003.??.??"]
[PlyCount "56"]

1.c4 c6 2.g3 d5 3.cxd5 cxd5 4.Bg2 e6 5.Nf3 Nc6 6.O-O Be7 7.d4 Nf6 8.Nc3 
O-O 9.Bd2 b6 10.Rc1 Bb7 11.Re1 Qd7 12.Qc2 Rac8 13.Qb1 Rfd8 14.h3 h6 15.g4 
Nh7 16.Red1 Bf6 17.Bf4 Qe7 18.e3 Ng5 19.Bg3 Nxf3+ 20.Bxf3 Bh4 21.Bh2 Bf6 
22.Bg2 Na5 23.Nb5 Ba6 24.Bf1 Nc4 25.Nc3 Qb4 26.b3 Na3 27.Qb2 Bxf1 28.Rxf1 
Nb5 1/2-1/2

[Event "2e Open Condom"]
[Site "?"]
[Date "2003.??.??"]
[Round "3.18"]
[White "Stoven, Gilles-Noel"]
[Black "Piceu, Tom"]
[Result "1-0"]
[WhiteElo "2096"]
[BlackElo "2227"]
[EventDate "2003.??.??"]
[PlyCount "53"]

1.e4 c5 2.d4 cxd4 3.c3 dxc3 4.Nxc3 e6 5.Nf3 a6 6.Bc4 b5 7.Bb3 Bb7 8.O-O b4
9.Na4 Bxe4 10.Be3 Nc6 11.Rc1 Nf6 12.Nb6 Rb8 13.Nxd7 Qxd7 14.Ba4 Rb5 15.Nd4
Nxd4 16.Qxd4 Bd6 17.Rc8+ Qxc8 18.Qxd6 Qc6 19.Bxb5 Qxb5 20.Rc1 Qb7 21.Bb6 
Qa8 22.Rc7 Qd8 23.Re7+ Qxe7 24.Qb8+ Kd7 25.Qc7+ Ke8 26.Qc8+ Qd8 27.Qxd8# 
1-0

[Event "Tarbes"]
[Site "?"]
[Date "2003.??.??"]
[Round "1"]
[White "Daloz, Jean michel"]
[Black "Jonathan, Frederic"]
[Result "1-0"]
[WhiteElo "2183"]
[BlackElo "1899"]
[PlyCount "35"]

1.d4 Nf6 2.Nf3 e6 3.c4 b6 4.g3 Ba6 5.Qc2 Be7 6.Bg2 Bb7 7.Nc3 O-O 8.O-O d6 
9.e4 a6 10.Rd1 Nfd7 11.b3 f5 12.exf5 Rxf5 13.Nh4 Bxg2 14.Nxf5 Bh3 15.Nxe7+
Qxe7 16.Qe4 Ra7 17.Re1 Bf5 18.Qxf5 1-0

[Event "Tarbes"]
[Site "?"]
[Date "2003.??.??"]
[Round "1"]
[White "Barsov, Alexei"]
[Black "Perrodo, Eric"]
[Result "1-0"]
[WhiteElo "2531"]
[BlackElo "1920"]
[PlyCount "96"]

1.d4 d5 2.c4 c6 3.Nf3 Nf6 4.e3 Bf5 5.Nc3 e6 6.Nh4 Ne4 7.Nxf5 exf5 8.Qb3 
Qb6 9.cxd5 Qxb3 10.axb3 Nxc3 11.bxc3 cxd5 12.Ra5 a6 13.Rxd5 g6 14.e4 fxe4 
15.Re5+ Kd7 16.Rxe4 Bg7 17.Bc4 f5 18.Be6+ Kd8 19.Bg5+ Kc7 20.Bf4+ Kd8 21.
Re3 Nd7 22.Bd5 Ra7 23.Kd2 b5 24.Rhe1 Bf6 25.Re6 b4 26.cxb4 Bxd4 27.Bg5+ 
Kc8 28.Rc1+ Rc7 29.Rxc7+ Kxc7 30.Bf4+ Kd8 31.Bg5+ Kc8 32.Rc6+ Kb8 33.Rxa6 
Nb6 34.Bf4+ Kc8 35.Be3 Bxe3+ 36.fxe3 Rd8 37.Rxb6 Rxd5+ 38.Ke2 Kc7 39.Rf6 
Rb5 40.Rf7+ Kd6 41.Rxh7 Rxb4 42.Rg7 Rxb3 43.Rxg6+ Ke5 44.Kf3 f4 45.Rg5+ 
Kf6 46.Kxf4 Rb4+ 47.e4 Rxe4+ 48.Kxe4 Kxg5 1-0

[Event "Juniors 2003"]
[Site "?"]
[Date "2003.??.??"]
[Round "8"]
[White "Gozzoli, Yannick"]
[Black "Benmesbah, Stephane"]
[Result "1/2-1/2"]
[WhiteElo "2431"]
[BlackElo "2232"]
[EventDate "2003.05.06"]
[Annotator "jacques"]
[PlyCount "53"]
[SourceDate "2003.05.13"]

1.e4 {Stephane etait passe au Q.G. du groupe "ligue" la veille au soir 
pour un peu de preparation d'avant-match. Face au 1.d4 habituel de Gozzoli
, il hesitait " Est-Indienne? Benoni?" puis il a finalement opte pour 
cette derniere defense...} 1...c5 {bon, tant pis... une Sicilienne...} 2.
Nc3 g6 3.d4 $5 Bg7 {refuse les complications de} 
    ( 3...cxd4 4.Qxd4 Nf6 5.e5 Nc6 6.Qf4 )
4.d5 
    ( {mais permet celles issues de} 4.dxc5 Qa5 5.Bd2 Qxc5 6.Nd5 b6 $5 {je
    me souviens d'une vieille analyse qui considerait que ce coup etait 
    obligatoire ...pour donner la case b7 a la dame!C'etait avant l'age 
    des puissants moteurs d'analyse mais ca semble encore valable!} 
        ( 6...Bxb2 7.Rb1 Be5 8.Nf3 {avec de gros problemes...} )
    7.Bb4 Qc6 8.Bb5 Qb7 )
4...d6 {finalement ce sera une Benoni mais sans pion en c4!} 5.Nf3 Nf6 6.
Bb5+ Nfd7 7.a4 Na6 8.O-O O-O 9.Bf4 Nc7 10.Re1 {pour ramener le fou en f1} 
10...Nxb5 11.axb5 f6 $5 {un coup surprenant! Idee: Empecher radicalement 
la poussee e4-e5 mais aussi plus subtilement donner un acces a l'aile-roi 
pour la dame via e8!} 12.Qd3 Qe8 13.h4 $6 {Par principe, il faut eviter de
jouer la ou l'adversaire est le plus fort et ,ici, les Noirs commencent a 
etre majoritaires sur l'aile roi.} 
    ( 13.Ra3 {pour aller prendre au plus vite le pion a2 genait plus 
    Stephane.} )
13...h6 14.Bg3 Ne5 15.Bxe5 fxe5 16.Nd2 Bf6 17.Qg3 Kh7 18.Nc4 Bd7 19.b3 $6 
{inutile...} 
    ( 19.b6 a6 20.Ra5 {laissait des possibilites ulterieures d'action sur 
    l'aile dame.} )
19...g5 20.hxg5 Bxg5 21.Qh2 Qg6 22.Ne3 Rf4 23.g3 Rh4 
    ( 23...Rf3 24.Re2 Qf7 )
24.Qg2 
    ( 24.gxh4 Bxe3+ 25.Qg2 Bd2 $15 )
24...Rh5 25.Re2 Bh3 26.Qf3 Bxe3 27.Rxe3 1/2-1/2

[Event "Tarbes"]
[Site "?"]
[Date "2003.??.??"]
[Round "1"]
[White "Lassabe, Nicolas"]
[Black "Janotta, Patrick"]
[Result "1/2-1/2"]
[WhiteElo "1820"]
[BlackElo "2134"]
[PlyCount "92"]

1.e4 c5 2.Nf3 d6 3.d4 cxd4 4.Nxd4 Nf6 5.Nc3 e6 6.Be3 a6 7.Qd2 Be7 8.f3 O-O
9.O-O-O Nc6 10.g4 Nxd4 11.Bxd4 b5 12.Bxf6 Bxf6 13.Qxd6 Qxd6 14.Rxd6 Bxc3 
15.bxc3 e5 16.c4 Be6 17.cxb5 axb5 18.Bxb5 Rxa2 19.Rhd1 h6 20.Ra6 Rxa6 21.
Bxa6 Ra8 22.Bb7 Ra3 23.Rd3 Ra1+ 24.Kb2 Rh1 25.Bd5 Rxh2 26.Bxe6 fxe6 27.Kb3
Rh1 28.c4 Rc1 29.Kb4 g6 30.c5 Kf7 31.Kb5 Kf6 32.c6 h5 33.gxh5 gxh5 34.Kb6 
h4 35.Kb7 Kg5 36.c7 Kf4 37.c8=Q Rxc8 38.Kxc8 h3 39.Kd7 h2 40.Rd1 Kxf3 41.
Kxe6 Kxe4 42.Rh1 Kf3 43.Rxh2 e4 44.Kf5 e3 45.Rh3+ Kf2 46.Kf4 e2 1/2-1/2

[Event "NII"]
[Site "?"]
[Date "2003.??.??"]
[Round "?"]
[White "Ducret"]
[Black "Hoyer, H-G."]
[Result "1-0"]
[WhiteElo "2222"]
[BlackElo "2152"]
[EventDate "2003.??.??"]
[PlyCount "79"]

1.Nf3 g6 2.c4 Bg7 3.d4 d6 4.Nc3 Bg4 5.e3 Nd7 6.Be2 c5 7.O-O Ngf6 8.h3 Bxf3
9.Bxf3 Rb8 10.b3 O-O 11.Bb2 a6 12.Qe2 e5 13.dxc5 dxc5 14.Rfd1 Qe7 15.Bd5 
Rfd8 16.a4 Nf8 17.Rd2 b6 18.Rad1 Kh8 19.Qf3 Ne6 20.Bxe6 Rxd2 21.Rxd2 Qxe6 
22.Qd1 h5 23.Nd5 Kh7 24.Nxf6+ Bxf6 25.Rd6 Qe7 26.Qd5 Kg7 27.f4 Re8 28.Kf2 
Kh6 29.Rd7 Rd8 30.Rxd8 Qxd8 31.Qxd8 Bxd8 32.Bxe5 g5 33.g4 f6 34.Bd6 hxg4 
35.hxg4 Kg6 36.f5+ Kf7 37.Kf3 Ke8 38.Ke4 Kd7 39.Kd5 a5 40.e4 1-0

[Event "Tarbes"]
[Site "?"]
[Date "2003.??.??"]
[Round "1"]
[White "Razafison, Ulrich"]
[Black "Lazarev, Vladimir"]
[Result "0-1"]
[WhiteElo "1920"]
[BlackElo "2506"]
[PlyCount "26"]

1.d4 Nf6 2.c4 c5 3.Nf3 cxd4 4.Nxd4 e5 5.Nb3 Nc6 6.g3 d5 7.cxd5 Qxd5 8.Qxd5
Nxd5 9.a3 Be6 10.N3d2 Nd4 11.Kd1 Rc8 12.Nc3 Rxc3 13.bxc3 Nxc3+ 0-1

[Event "2eme Open de Condom"]
[Site "?"]
[Date "2003.??.??"]
[Round "?"]
[White "Stamenoff, Yvan"]
[Black "Verges, Jean"]
[Result "1-0"]
[WhiteElo "1930"]
[BlackElo "1630"]
[EventDate "2003.??.??"]
[PlyCount "79"]

1.c4 c5 2.Nf3 Nf6 3.Nc3 b6 4.g3 Bb7 5.Bg2 g6 6.O-O Bg7 7.a3 O-O 8.Rb1 Qc7 
9.d3 d5 10.Bf4 Qc8 11.Qc2 Nbd7 12.Rfc1 d4 13.Na2 Nh5 14.Bg5 e5 15.b4 f6 
16.Bd2 f5 17.bxc5 {Tb2 ou Td1 etait meilleur, petit avantage noir apres la
prise en c5} 17...Nxc5 18.Nb4 e4 19.Ng5 h6 20.Nh3 Nf6 {Dd7 maintient 
l'avantage noir} 21.Nf4 g5 22.Nfd5 Nxd5 23.Nxd5 Bxd5 24.cxd5 Qd7 25.Qc4 
Rac8 26.d6+ {Mauvais coup} 26...Kh7 27.dxe4 Nxe4 28.Qd3 Nxd2 29.Qxd2 Qxd6 
30.Qd3 Qe6 31.Bh3 Rc3 32.Rxc3 dxc3 33.Rb5 {Il faut absolument jouer Rh8} 
33...Qa2 34.Rxf5 {Les blancs reprennent l'avantage} 34...Rxf5 35.Bxf5+ Kg8
{Rh8 evite le reseau de mat} 36.Qd6 c2 $4 {Tres mauvais coup, il faut 
imperativement jouer Rh8 pour tenter de tenir la position} 37.Be6+ Kh7 38.
Qd3+ Kh8 39.Qd8+ Kh7 40.Bf5# 1-0

[Event "2eme Open de Condom"]
[Site "?"]
[Date "2003.??.??"]
[Round "?"]
[White "Auder, Benjamin"]
[Black "Egea, Claude"]
[Result "1/2-1/2"]
[WhiteElo "1960"]
[BlackElo "1670"]
[EventDate "2003.??.??"]
[PlyCount "79"]

1.c4 Nf6 2.Nc3 c5 3.g3 Nc6 4.Bg2 g6 5.e4 Bg7 6.Nge2 e5 7.d3 O-O 8.a3 d6 9.
Rb1 a5 10.O-O Ne8 11.f4 f5 12.Bd2 Rb8 13.Nb5 Nc7 14.Qa4 Bd7 15.Nec3 Nxb5 
16.Nxb5 Nd4 17.Bxa5 b6 18.Bc3 exf4 19.Qd1 Nxb5 20.cxb5 fxg3 21.hxg3 fxe4 
22.Qb3+ Kh8 23.Bxg7+ Kxg7 24.dxe4 Qe7 25.Qc3+ Qe5 26.Qxe5+ dxe5 27.Rxf8 
Rxf8 28.Rd1 Bxb5 29.Rd5 Rf6 30.Rxe5 Bd7 31.Re7+ Rf7 32.Rxf7+ Kxf7 33.Kf2 
Kf6 34.Ke3 Ke5 35.b4 cxb4 36.axb4 h6 37.Bf3 g5 38.g4 Bb5 39.Bg2 Bc6 40.Bf3
1/2-1/2

[Event "2eme Open de Condom"]
[Site "?"]
[Date "2003.??.??"]
[Round "1"]
[White "Gaponenko, Inna"]
[Black "Cwiek, Loic"]
[Result "1-0"]
[WhiteElo "2399"]
[BlackElo "2155"]
[EventDate "2003.??.??"]
[Annotator "Fritz 4!"]
[PlyCount "53"]

1.e4 c5 2.Nf3 Nc6 3.Nc3 g6 4.d4 cxd4 5.Nxd4 Bg7 6.Be3 Nf6 7.Bc4 O-O 8.Bb3 
d6 9.f3 Bd7 10.h4 Qa5 11.Qd2 Rfc8 12.O-O-O Ne5 
    ( 12...h5 $11 )
13.Kb1 Nc4 14.Bxc4 Rxc4 15.Nb3 Qc7 
    ( 15...Qa6 16.e5 Ne8 $11 )
16.Bd4 Bc6 
    ( 16...Rc8 17.h5 Nxh5 18.Bxg7 Nxg7 19.Qh6 Nh5 $16 )
17.h5 a5 18.hxg6 fxg6 
    ( 18...hxg6 19.Qe3 Ra6 20.e5 dxe5 21.Bxe5 Qb6 $18 )
19.Bxf6 Bxf6 20.Nd5 Bxd5 21.Qxd5+ Kg7 22.Rxh7+ Kxh7 23.Qf7+ Kh6 24.f4 Kh5 
    ( 24...Rc5 25.g4 Bh4 26.Rh1 g5 27.Nd4 Qd7 28.fxg5+ Kxg5 29.Nf3+ Kxg4 
    30.Rxh4+ Kg3 31.Qf4+ Kg2 32.Rh2+ Kf1 33.Qc1# )
25.Rh1+ Bh4 26.Qh7+ Kg4 27.Qxh4# 1-0

[Event "Tarbes"]
[Site "?"]
[Date "2003.??.??"]
[Round "2"]
[White "Kodjabachian, Julien"]
[Black "Chabas, Patrick"]
[Result "1-0"]
[WhiteElo "2045"]
[BlackElo "1820"]
[PlyCount "52"]

1.e4 d5 2.exd5 Qxd5 3.Nc3 Qd6 4.d4 Nf6 5.Nf3 Bg4 6.Be2 Nc6 7.Be3 a6 8.h3 
Bf5 9.a3 e6 10.Bc4 Rd8 11.Qe2 Be7 12.O-O-O b5 13.d5 bxc4 14.dxc6 Qxc6 15.
Nd4 Qb7 16.Nxf5 exf5 17.Rxd8+ Kxd8 18.Rd1+ Bd6 19.Qxc4 Ke7 20.f3 Rb8 21.b4
a5 22.Bc5 axb4 23.axb4 Bxc5 24.Qxc5+ Ke8 25.Re1+ Kd7 26.Qe7+ Kc6 1-0

[Event "Avignon-Condom"]
[Site "?"]
[Date "2003.??.??"]
[Round "2"]
[White "Martin Gonzalez"]
[Black "Beaurain"]
[Result "1-0"]
[WhiteElo "2373"]
[BlackElo "2106"]
[EventDate "2003.??.??"]
[PlyCount "60"]

1.e4 c5 2.Nf3 Nc6 3.d4 cxd4 4.Nxd4 Nf6 5.Nc3 e5 6.Ndb5 d6 7.Bg5 a6 8.Na3 
b5 9.Bxf6 gxf6 10.Nd5 Bg7 11.c3 f5 12.exf5 Bxf5 13.Nc2 Ne7 14.Nce3 Be6 15.
g3 Nxd5 16.Nxd5 O-O 17.Bg2 a5 18.O-O Rb8 19.Qh5 f5 20.Rfd1 Kh8 21.Rd2 Qd7 
22.Rad1 Qf7 23.Qxf7 Bxf7 24.Ne7 b4 25.cxb4 Rxb4 26.a3 Rd4 27.Nxf5 Bb3 28.
Nxd4 Bxd1 29.Ne6 Bb3 30.Nxf8 Bxf8 1-0

[Event "Tarbes"]
[Site "?"]
[Date "2003.??.??"]
[Round "2"]
[White "Francois, Ginaud"]
[Black "Daragon, Bruno"]
[Result "1-0"]
[WhiteElo "1760"]
[BlackElo "1900"]
[PlyCount "51"]

1.c4 Nf6 2.Nc3 e6 3.e4 d5 4.cxd5 exd5 5.e5 Ng4 6.d4 Bb4 7.Bb5+ c6 8.Be2 
Nh6 9.Nf3 O-O 10.Bxh6 gxh6 11.h3 Bf5 12.Nh2 f6 13.Ng4 Bxg4 14.hxg4 fxe5 
15.dxe5 d4 16.Qb3+ Kh8 17.Qxb4 dxc3 18.Qxc3 Qg5 19.Rh5 Qf4 20.Rf5 Rxf5 21.
gxf5 Qxf5 22.Bc4 Qe4+ 23.Kf1 Qg6 24.e6+ Qg7 25.e7 Nd7 26.Rd1 1-0

[Event "Avignon-Condom"]
[Site "?"]
[Date "2003.??.??"]
[Round "2"]
[White "Delpech"]
[Black "Rahal"]
[Result "0-1"]
[WhiteElo "2110"]
[BlackElo "2403"]
[EventDate "2003.??.??"]
[PlyCount "60"]

1.e4 e6 2.d4 d5 3.Nd2 Nf6 4.e5 Nfd7 5.Bd3 c5 6.c3 Nc6 7.Ne2 cxd4 8.cxd4 
Qb6 9.Nf3 f6 10.exf6 Nxf6 11.O-O Bd6 12.Re1 O-O 13.Nf4 Ne4 14.Bxe4 Bxf4 
15.Bc2 Bd7 16.Be3 Rac8 17.Rc1 g6 18.Qd2 Bd6 19.Bh6 Rxf3 20.Bxg6 hxg6 21.
Qg5 Kf7 22.gxf3 Nxd4 23.Kg2 Rh8 24.Qd2 Nf5 25.Bf4 Nh4+ 26.Kg3 Nf5+ 27.Kg2 
Bxf4 28.Qxf4 Rh4 29.Qb8 Qd6 30.Qxd6 Nxd6 0-1

[Event "Tarbes"]
[Site "?"]
[Date "2003.??.??"]
[Round "?"]
[White "Jossien"]
[Black "Janotta"]
[Result "1-0"]
[WhiteElo "2340"]
[BlackElo "2134"]
[PlyCount "87"]

1.e4 c5 2.Nf3 d6 3.c3 Nf6 4.Be2 g6 5.O-O Bg7 6.Re1 O-O 7.Bf1 b6 8.d4 cxd4 
9.cxd4 Bb7 10.Nc3 Nbd7 11.Qb3 e5 12.Bg5 h6 13.Bh4 g5 14.dxe5 dxe5 15.Bg3 
Nc5 16.Qc2 Nfxe4 17.Nxe5 Nxg3 18.hxg3 Qf6 19.Ng4 Qc6 20.Ne3 Rad8 21.Nf5 
Qf6 22.Rad1 Rxd1 23.Rxd1 Rd8 24.Re1 Ne6 25.Nb5 Rc8 26.Qb1 Rc5 27.Nbd6 Bc6 
28.b4 Re5 29.Rc1 Be4 30.Nxh6+ Qxh6 31.Nxe4 Bf8 32.Bd3 g4 33.Qb2 Bg7 34.
Rc8+ Nf8 35.Qc1 Qe6 36.Qc4 Qxc4 37.Rxc4 f5 38.Nc3 Re1+ 39.Bf1 Rc1 40.Nb5 
Ra1 41.Nxa7 Rxa2 42.Nc8 b5 43.Rf4 Rc2 44.Ne7+ 1-0

[Event "Avignon-Condom"]
[Site "?"]
[Date "2003.??.??"]
[Round "2"]
[White "Bedue, Julien"]
[Black "Boudre"]
[Result "0-1"]
[WhiteElo "2149"]
[BlackElo "2370"]
[EventDate "2003.??.??"]
[PlyCount "53"]

1.c4 Nf6 2.Nc3 e5 3.d3 Bb4 4.Qc2 Nc6 5.Nf3 O-O 6.Bg5 h6 7.Bh4 Re8 8.e3 d6 
9.Be2 Bg4 10.h3 Bxf3 11.gxf3 Qe7 12.O-O-O Bxc3 13.Qxc3 Qe6 14.Rhg1 Nd7 15.
f4 Ne7 16.Bg4 f5 17.Bf3 c6 18.d4 Nf8 19.dxe5 dxe5 20.fxe5 Neg6 21.Rd6 Nxh4
22.Bd5 cxd5 23.Rxe6 Nxe6 24.Rd1 dxc4 25.e4 fxe4 26.Re1 Nf5 27.Rxe4 {suite 
illisible} 0-1

[Event "Avignon-Condom"]
[Site "?"]
[Date "2003.??.??"]
[Round "2"]
[White "Baumann"]
[Black "Pieroni"]
[Result "1/2-1/2"]
[WhiteElo "1960"]
[BlackElo "2082"]
[EventDate "2003.??.??"]
[PlyCount "53"]

1.a3 d5 2.Nf3 Nf6 3.d3 e6 4.c4 b6 5.Nbd2 Bb7 6.g3 Nbd7 7.Bg2 c5 8.b3 Bd6 
9.Bb2 Rc8 10.O-O h5 11.e4 d4 12.Qe2 Bb8 13.Rae1 Qe7 14.h3 Ng8 15.h4 f6 16.
Nh2 Qf7 17.f4 Qg6 18.Qf2 Nh6 19.Bh3 Ke7 20.Bxe6 Bxf4 21.Qxf4 Kxe6 22.Ndf3 
Ne5 23.Nxe5 fxe5 24.Qf2 Rcf8 25.Qg2 Bc8 26.Bc1 Ng4 27.Nxg4 1/2-1/2

[Event "2e Open Condom"]
[Site "?"]
[Date "2003.??.??"]
[Round "5.13"]
[White "Ducret, Thomas"]
[Black "Hargues, Franck"]
[Result "1-0"]
[WhiteElo "2223"]
[BlackElo "1910"]
[EventDate "2003.??.??"]
[PlyCount "21"]

1.Nf3 Nf6 2.c4 g6 3.Nc3 Bg7 4.e4 d6 5.d4 O-O 6.Be2 e5 7.d5 Nbd7 8.Be3 Nh5 
9.g3 f5 10.exf5 gxf5 11.Ng5 1-0

[Event "2eme Open de Condom"]
[Site "?"]
[Date "2003.??.??"]
[Round "3"]
[White "Nita, Lucian"]
[Black "Bluet, Frederick"]
[Result "1-0"]
[WhiteElo "2256"]
[BlackElo "1850"]
[EventDate "2003.??.??"]
[PlyCount "23"]

1.e4 c5 2.Nf3 d6 3.d4 cxd4 4.Qxd4 Nc6 5.Bb5 e5 6.Qd3 Nf6 7.Nc3 Be6 8.Ng5 
h6 9.Nxe6 fxe6 10.O-O g5 11.Be3 a6 12.Ba4 1-0

[Event "2eme Open de Condom"]
[Site "?"]
[Date "2003.??.??"]
[Round "2"]
[White "Verges, Jean"]
[Black "Friburger, Thibault"]
[Result "1-0"]
[WhiteElo "1630"]
[BlackElo "1260"]
[EventDate "2003.??.??"]
[PlyCount "81"]

1.Nf3 Nf6 2.d4 d6 3.g3 c6 4.Bg2 Bg4 5.O-O e6 6.c4 d5 7.c5 Nbd7 8.Nc3 Be7 
9.b4 b6 10.Nd2 h6 11.f3 Bf5 12.e4 Bh7 13.e5 Ng8 14.Bh3 Qc7 15.f4 Rb8 16.f5
Nf8 17.fxe6 Nxe6 18.Bxe6 fxe6 19.Qf3 Bg6 20.Qg4 Bg5 21.Qxe6+ Ne7 22.Nb3 
Bxc1 23.Raxc1 Qd7 24.Qd6 Qxd6 25.cxd6 Nf5 26.Rf3 a5 27.g4 axb4 28.Ne2 Nh4 
29.Rh3 O-O 30.Rxh4 Bd3 31.Ng3 Bc4 32.Nf5 Kh7 33.e6 Rb7 34.d7 Rh8 35.Nd6 
Ra7 36.Nxc4 dxc4 37.Rxc4 Rc7 38.d5 c5 39.g5 b5 40.Rxc5 Rxc5 41.Nxc5 1-0

[Event "Tarbes"]
[Site "?"]
[Date "2003.??.??"]
[Round "2"]
[White "Jonathan, Frederic"]
[Black "De Baralle, Michel"]
[Result "1-0"]
[WhiteElo "1899"]
[BlackElo "1600"]
[PlyCount "77"]

1.d4 d5 2.c4 c6 3.Nc3 Nf6 4.Nf3 e6 5.e3 Nbd7 6.a4 Qa5 7.c5 Be7 8.b4 Qc7 9.
Bd3 O-O 10.Bb1 b6 11.a5 Ba6 12.g4 bxc5 13.g5 Ne8 14.Qc2 g6 15.bxc5 e5 16.
h4 e4 17.Nh2 Bd3 18.Qd1 Bxb1 19.Nxb1 Rb8 20.Ng4 Ng7 21.Nd2 Rb5 22.Nb3 Rfb8
23.Nh6+ Kf8 24.Nd2 Rxa5 25.Rxa5 Qxa5 26.Qg4 Qd8 27.O-O f5 28.gxf6 Nxf6 29.
Qg2 Nfh5 30.f3 Ke8 31.fxe4 dxe4 32.Nc4 Nf6 33.Ne5 Qd5 34.Nxg6 Rb7 35.Nxe7 
Rxe7 36.Rxf6 Qc4 37.Rf1 a5 38.Ng4 Re6 39.Ne5 1-0

[Event "2e Open Condom"]
[Site "?"]
[Date "2003.??.??"]
[Round "4.14"]
[White "Raut, Christian"]
[Black "Van Hulle, Yves"]
[Result "1-0"]
[WhiteElo "2258"]
[BlackElo "1964"]
[EventDate "2003.??.??"]
[PlyCount "23"]

1.e4 c5 2.c3 d5 3.exd5 Qxd5 4.d4 Nf6 5.Nf3 Bg4 6.Qa4+ Nbd7 7.Bc4 Qe4+ 8.
Be3 Bxf3 9.Nd2 Qg6 10.Nxf3 cxd4 11.O-O-O a6 12.Ne5 1-0

[Event "Tarbes"]
[Site "?"]
[Date "2003.??.??"]
[Round "?"]
[White "Cabanna, Daniel"]
[Black "Smyrek, Ingo"]
[Result "0-1"]
[WhiteElo "2152"]
[BlackElo "2020"]
[PlyCount "72"]

1.e4 d5 2.exd5 Qxd5 3.Nc3 Qa5 4.d4 Nf6 5.Nf3 c6 6.Ne5 Bf5 7.g4 Bg6 8.h4 
Be4 9.f3 Bd5 10.Nc4 Qc7 11.Rh3 e6 12.Be3 b5 13.Ne5 Bd6 14.f4 b4 15.g5 bxc3
16.gxf6 gxf6 17.Nd3 cxb2 18.Rb1 Rg8 19.Rxb2 Nd7 20.Qb1 Nb6 21.Bd2 Ba3 22.
Rb3 Bxb3 23.axb3 Be7 24.c3 Rb8 25.Qd1 f5 26.Ne5 Nd5 27.Qh5 Bd6 28.Qxh7 Nf6
29.Qh6 Bxe5 30.fxe5 Ne4 31.Qh7 Ke7 32.Bg5+ Nxg5 33.hxg5 Rg6 34.Rh6 Rbg8 
35.Be2 Qa5 36.Rxg6 Rxg6 0-1

[Event "2eme Open Condom"]
[Site "?"]
[Date "2003.??.??"]
[Round "6"]
[White "Geirnaert, Steven"]
[Black "Laurain, Dominique"]
[Result "1-0"]
[WhiteElo "2284"]
[BlackElo "2095"]
[EventDate "2003.??.??"]
[PlyCount "57"]

1.e4 e6 2.d4 d5 3.exd5 exd5 4.c4 Bb4+ 5.Nc3 Nf6 6.Nf3 h6 7.Ne5 O-O 8.Be2 
Ne4 9.Qb3 Bxc3+ 10.bxc3 dxc4 11.Bxc4 Nd6 12.Bd3 Nd7 13.Nxd7 Bxd7 14.O-O 
Qf6 15.Ba3 b6 16.Rae1 a5 17.Re5 Be6 18.Qc2 Rfd8 19.c4 Nxc4 20.Bxc4 Rxd4 
21.Rxe6 fxe6 22.Re1 Kh8 23.g3 Qf3 24.Bb2 Rd6 25.Be5 Rad8 26.Qg6 Qf8 27.
Qxh6+ Kg8 28.Bxe6+ Rxe6 29.Qxe6+ 1-0

[Event "Tarbes"]
[Site "?"]
[Date "2003.??.??"]
[Round "1"]
[White "Pastorelli, Loic"]
[Black "Martinet, Regis"]
[Result "0-1"]
[WhiteElo "1780"]
[BlackElo "2080"]
[PlyCount "50"]

1.Nf3 c5 2.c4 Nf6 3.b3 g6 4.Bb2 Bg7 5.e3 O-O 6.Be2 d6 7.O-O Nc6 8.d4 Qc7 
9.h3 e5 10.d5 Ne7 11.Nc3 Ne8 12.e4 h6 13.Nd2 f5 14.Qc2 f4 15.Nf3 Nf6 16.a3
g5 17.Nh2 Ng6 18.Ng4 Nh4 19.Nxf6+ Rxf6 20.g4 f3 21.Bd3 Bxg4 22.hxg4 Qd7 
23.Kh2 Qxg4 24.Rg1 Ng2 25.Rh1 Ne1 0-1

[Event "2e Open Condom"]
[Site "?"]
[Date "2003.??.??"]
[Round "3.24"]
[White "Marciniak, Alexandre"]
[Black "Lebraud, Eric"]
[Result "1/2-1/2"]
[WhiteElo "2173"]
[BlackElo "2018"]
[EventDate "2003.??.??"]
[PlyCount "39"]

1.e4 e6 2.d4 d5 3.Nd2 dxe4 4.Nxe4 Bd7 5.Nf3 Bc6 6.Bd3 Nd7 7.Qe2 Ngf6 8.Ng3
Be7 9.O-O O-O 10.Ne5 Nxe5 11.dxe5 Qd5 12.f4 Nd7 13.a3 Nc5 14.Bc4 Qd4+ 15.
Kh1 Ne4 16.Nxe4 Qxe4 17.Be3 Qg6 18.Rae1 Bh4 19.Rd1 Rfd8 20.Bd3 1/2-1/2

[Event "N3 - CEIT / Carcassonne"]
[Site "?"]
[Date "2003.??.??"]
[Round "6.4"]
[White "Faure, Nicolas"]
[Black "Leduc, Jean-Philippe"]
[Result "1-0"]
[WhiteElo "1979"]
[BlackElo "2118"]
[EventDate "2003.07.04"]
[PlyCount "59"]

1.e4 e6 2.d4 d5 3.Nc3 Bb4 4.e5 c5 5.a3 Bxc3+ 6.bxc3 Ne7 7.Qg4 Nbc6 8.Qxg7 
Rg8 9.Qxh7 cxd4 10.Ne2 Qc7 11.f4 Bd7 12.Qd3 dxc3 13.Nxc3 O-O-O 14.g3 Nf5 
15.Bh3 Ncd4 16.Bxf5 Nxf5 17.O-O Rg6 18.Be3 Rh8 19.Bxa7 Rgh6 20.Rf2 Nxg3 
21.Rb1 Ne4 22.Nxe4 dxe4 23.Qxe4 Bc6 24.Qb4 Rg6+ 25.Kf1 Rhg8 26.Bb6 Rg1+ 
27.Ke2 Bb5+ 28.Qxb5 Qxc2+ 29.Kf3 Qxb1 30.Qc5+ 1-0

[Event "2eme Open Condom"]
[Site "?"]
[Date "2003.??.??"]
[Round "3"]
[White "Laurain, Dominique"]
[Black "Ducloux, Gerald"]
[Result "1-0"]
[WhiteElo "2095"]
[BlackElo "2197"]
[EventDate "2003.??.??"]
[PlyCount "57"]

1.d4 Nf6 2.c4 g6 3.Nc3 Bg7 4.e4 d6 5.Be2 O-O 6.Bg5 Nc6 7.d5 Nb8 8.h3 h6 9.
Be3 Nbd7 10.Nf3 e5 11.Qc2 a5 12.g4 Nh7 13.O-O-O b6 14.Rdg1 Nc5 15.Rh2 f6 
16.h4 g5 17.Nd2 Bd7 18.Nf1 Be8 19.Ng3 Bg6 20.Nf5 Bxf5 21.gxf5 Kf7 22.Bh5+ 
Ke7 23.Bg6 Rh8 24.Bxh7 Rxh7 25.hxg5 hxg5 26.Rxh7 Qg8 27.Rgh1 Rf8 28.Bxc5 
dxc5 29.Qa4 1-0

[Event "Tarbes"]
[Site "?"]
[Date "2003.??.??"]
[Round "1"]
[White "Laporte, Pierre"]
[Black "Aout, Sebastien"]
[Result "0-1"]
[WhiteElo "1780"]
[BlackElo "2096"]
[PlyCount "82"]

1.e4 c5 2.c3 d5 3.exd5 Qxd5 4.d4 cxd4 5.cxd4 e5 6.Nf3 Bg4 7.Nc3 Bb4 8.Qa4+
Nc6 9.Qxb4 Nxb4 10.Nxd5 Nxd5 11.Nxe5 Be6 12.Bb5+ Kf8 13.O-O Nge7 14.Rd1 f6
15.Nd7+ Kf7 16.Nc5 Bc8 17.Bc4 b6 18.Ne4 Rd8 19.Nc3 Be6 20.Nxd5 Bxd5 21.b3 
Bxc4 22.bxc4 Rac8 23.Be3 Rxc4 24.Rac1 Rdc8 25.Rxc4 Rxc4 26.Rc1 Rxc1+ 27.
Bxc1 Ke6 28.Kf1 Kd5 29.Ba3 Nc6 30.Bf8 g6 31.Bg7 f5 32.Ke2 Nxd4+ 33.Kd2 Kc4
34.Kc1 Kd3 35.Kd1 Ne2 36.a3 Nf4 37.g3 Ne2 38.f4 Ng1 39.Bf6 Nf3 40.h3 Ng1 
41.h4 Nf3 0-1